000 00593nam a2200193Ia 4500
005 20250508155600.0
008 008 250505s9999 xx 000 0 eng d
037 _aTextual
040 _aFEDL
_beng
_cFEDL
041 _aeng
_2eng
084 _a378.309 54, IND
_qFEDL
245 0 _aGrants-in-aid to schools in British India
245 0 _cIndia. Education, (Bureau of ...)
260 _aCalcutta, India
_bSuperintendent Government Printing
_c1923
300 _a116p
490 _aOccasional reports; 12
942 _cTEXL
_h378.309 54, IND
999 _c1357983
_d1357983